[Event "34.Schlosspark-Open"]
[Site "Wiesbaden-Biebrich"]
[Date "2025.08.30"]
[Round "4.44"]
[White "McAdam, Mark"]
[Black "Ziska, Stephan"]
[Result "1-0"]
[WhiteElo "2011"]
[BlackElo "1835"]
[PlyCount "67"]
[EventDate "2025.08.28"]
[WhiteTeam "SC Brett vorm Kopp Ffm"]
[BlackTeam "SF Bürstadt"]

1. d4 d5 2. Nf3 Nf6 3. c4 e6 4. g3 c6 5. Bg2 Be7 6. O-O O-O 7. Qd3 b6 8. Nc3 Ba6 9. b3 Nbd7 10. Bb2 Rc8 11. Rac1 c5 12. Nb5 dxc4 13. bxc4 Bxb5 14. cxb5 cxd4 15. Nxd4 Ne5 16. Qb3 Bd6 17. Rfd1 Rxc1 18. Rxc1 Qd7 19. Rd1 Qc7 20. h3 Rd8 21. Nc6 Nxc6 22. bxc6 Be7 23. f4 Bc5+ 24. Kh2 Ne8 25. Be5 Qc8 26. Qa4 a5 27. Rd7 f6 28. Bd4 Nc7 29. Bxc5 bxc5 30. Qd1 Re8 31. Qd6 Na6 32. c7 Nxc7 33. Rxc7 Qd8 34. Qxd8 1-0

[Event "34.Schlosspark-Open"]
[Site "Wiesbaden-Biebrich"]
[Date "2025.08.30"]
[Round "4.45"]
[White "Mönch, Dorothée"]
[Black "Pioch, Thomas"]
[Result "1-0"]
[WhiteElo "1768"]
[BlackElo "2007"]
[PlyCount "95"]
[EventDate "2025.08.28"]
[WhiteTeam "Sfr.Mainz 1928"]
[BlackTeam "SC Flörsheim 1921"]

1. d4 e6 2. c4 f5 3. Nc3 Nf6 4. g3 Bb4 5. Bg2 O-O 6. Qc2 Nc6 7. e3 Qe8 8. Nge2 a6 9. Bd2 Be7 10. a3 Rb8 11. O-O g5 12. d5 Ne5 13. b3 h6 14. f4 Nf7 15. e4 Nxe4 16. Nxe4 fxe4 17. Qxe4 Nd6 18. Qd3 g4 19. b4 b6 20. Rae1 Nf5 21. Be4 Bb7 22. Nd4 Nxd4 23. Bg6 Qd8 24. Qxd4 Bf6 25. Qd3 exd5 26. cxd5 c5 27. Bh5 Bd4+ 28. Be3 Qf6 29. Bxd4 Qxd4+ 30. Qxd4 cxd4 31. Bxg4 Bxd5 32. Rd1 Be6 33. Bxe6+ dxe6 34. Rxd4 Rfd8 35. Rfd1 Rxd4 36. Rxd4 Kf7 37. Kf2 Ke7 38. Kf3 Rc8 39. Rd3 Rc2 40. h4 h5 41. g4 hxg4+ 42. Kxg4 Rc8 43. Rh3 Kf6 44. h5 Rg8+ 45. Kf3 Rc8 46. Ke4 Rh8 47. h6 Rh7 48. a4 1-0

[Event "34.Schlosspark-Open"]
[Site "Wiesbaden-Biebrich"]
[Date "2025.08.30"]
[Round "4.46"]
[White "Neurohr, Jürgen"]
[Black "Fröhlich-Dill, Astrid"]
[Result "1-0"]
[WhiteElo "1951"]
[BlackElo "1786"]
[PlyCount "77"]
[EventDate "2025.08.28"]
[WhiteTeam "Sfr.Mainz 1928"]
[BlackTeam "SV 1920 Hofheim"]

1. c4 e6 2. d4 Nf6 3. Nc3 b6 4. e4 Bb4 5. Bd3 Bb7 6. Qc2 Nc6 7. Nge2 d5 8. cxd5 exd5 9. e5 Ne4 10. O-O Nxc3 11. bxc3 Bf8 12. a4 g6 13. f4 Ne7 14. f5 gxf5 15. Bxf5 Bc8 16. Bxh7 Ba6 17. Bd3 Bxd3 18. Qxd3 Qd7 19. a5 b5 20. Bd2 a6 21. Rf2 Bg7 22. Raf1 O-O-O 23. Rxf7 Bh6 24. Bxh6 Rxh6 25. R1f6 Rdh8 26. Rxh6 Rxh6 27. h3 Qe6 28. Rf8+ Kb7 29. Nf4 Qd7 30. Rf7 Qe8 31. Rh7 Qf8 32. Rxh6 Qxh6 33. Qf3 Qg5 34. Nxd5 Nxd5 35. Qxd5+ Kb8 36. Qf3 Kc8 37. e6 Kb8 38. Qf8+ Kb7 39. e7 1-0

[Event "34.Schlosspark-Open"]
[Site "Wiesbaden-Biebrich"]
[Date "2025.08.30"]
[Round "4.47"]
[White "Gärtner, Johannes"]
[Black "Steigleder, Maximilian"]
[Result "0-1"]
[WhiteElo "1740"]
[BlackElo "1981"]
[PlyCount "56"]
[EventDate "2025.08.28"]
[WhiteTeam "Sfr.Mainz 1928"]
[BlackTeam "Sfr.1932 Kelkheim"]

1. d4 Nf6 2. c4 g6 3. Nc3 Bg7 4. e4 d6 5. h3 O-O 6. Be3 e5 7. d5 a5 8. Qd2 Na6 9. g4 Nd7 10. h4 f5 11. gxf5 gxf5 12. exf5 Ndc5 13. Bh3 Bxf5 14. Bxf5 Rxf5 15. O-O-O Qd7 16. Nge2 a4 17. Ng3 a3 18. Nxf5 axb2+ 19. Qxb2 Qxf5 20. Qc2 e4 21. Bxc5 Nxc5 22. Rdg1 Kh8 23. Rg5 Qf3 24. Rhg1 Bxc3 25. R1g3 Qf4+ 26. Kb1 Bf6 27. R5g4 Qe5 28. Kc1 Nd3+ 0-1

[Event "34.Schlosspark-Open"]
[Site "Wiesbaden-Biebrich"]
[Date "2025.08.30"]
[Round "4.48"]
[White "Drygalla, Alexander"]
[Black "Dauster, Ronald"]
[Result "0-1"]
[WhiteElo "1689"]
[BlackElo "1954"]
[PlyCount "66"]
[EventDate "2025.08.28"]
[WhiteTeam "Schachverein Merseburg"]
[BlackTeam "FT Schierstein"]

1. e4 e6 2. d4 d5 3. Nc3 Bb4 4. e5 c5 5. a3 Bxc3+ 6. bxc3 Qa5 7. Nf3 Bd7 8. Bd2 c4 9. Be2 Ba4 10. O-O Ne7 11. Nh4 Nbc6 12. f4 g6 13. g4 O-O-O 14. Kh1 Rdg8 15. Qb1 Nxd4 16. cxd4 Qxd2 17. Qb4 Qxb4 18. axb4 Bxc2 19. Rxa7 Nc6 20. Ra8+ Kc7 21. Rxg8 Rxg8 22. Rc1 Nxd4 23. Bf1 Ra8 24. Ng2 b5 25. Ne3 Be4+ 26. Kg1 Nc6 27. Bg2 Bxg2 28. Kxg2 d4 29. Nxc4 bxc4 30. b5 Na5 31. Kf3 Kb6 32. Ke4 Rd8 33. f5 d3 0-1

[Event "34.Schlosspark-Open"]
[Site "Wiesbaden-Biebrich"]
[Date "2025.08.30"]
[Round "4.49"]
[White "Brehme, Ralf-Peter"]
[Black "Gärtner, David"]
[Result "1-0"]
[WhiteElo "1948"]
[BlackElo "1809"]
[PlyCount "55"]
[EventDate "2025.08.28"]
[WhiteTeam "Vorw.Orient Mainz"]
[BlackTeam "Sfr.Mainz 1928"]

1. f4 e5 2. fxe5 d6 3. exd6 Bxd6 4. Nf3 Nc6 5. d4 Nf6 6. Nc3 Bf5 7. e3 Nb4 8. Bd3 Nxd3+ 9. cxd3 Bg4 10. O-O O-O 11. e4 Bb4 12. Be3 c6 13. Qb3 Bxc3 14. bxc3 Qc7 15. Ne5 Be6 16. Qd1 Rad8 17. Bg5 c5 18. Rxf6 cxd4 19. Rxe6 fxe6 20. Bxd8 Qxe5 21. Be7 Rf7 22. Bb4 dxc3 23. Kh1 b5 24. Rc1 Rf2 25. Rxc3 Qg5 26. Rc8+ Kf7 27. Rf8+ Kg6 28. Rxf2 1-0

[Event "34.Schlosspark-Open"]
[Site "Wiesbaden-Biebrich"]
[Date "2025.08.30"]
[Round "4.51"]
[White "Vranckx, Gabriel"]
[Black "Schmitt, Carsten"]
[Result "0-1"]
[WhiteElo "1622"]
[BlackElo "1913"]
[PlyCount "98"]
[EventDate "2025.08.28"]
[WhiteTeam "Sfr.Mainz 1928"]
[BlackTeam "SV Bergwinkel"]

1. e4 e6 2. d4 d5 3. Nc3 Nf6 4. Bg5 Bb4 5. e5 h6 6. exf6 hxg5 7. fxg7 Rg8 8. a3 Be7 9. Qh5 Bf6 10. Qh7 Rxg7 11. Qh8+ Ke7 12. Qxd8+ Kxd8 13. O-O-O c5 14. Nge2 c4 15. f4 gxf4 16. Nxf4 Rg4 17. Nfe2 Bd7 18. h3 Rg8 19. g4 Bh4 20. Bg2 Bc6 21. Rhf1 Ke8 22. Ng1 Nd7 23. Nf3 Be7 24. Kb1 b5 25. Ne5 Nxe5 26. dxe5 a5 27. Ne2 b4 28. Nd4 Bd7 29. axb4 Bxb4 30. c3 Bc5 31. Rf3 Ke7 32. Rdf1 Be8 33. Rf6 a4 34. Kc2 a3 35. b4 Bxd4 36. cxd4 Ra4 37. Kc3 a2 38. Ra1 Bd7 39. Bf3 Ra3+ 40. Kc2 Rb8 41. Kb2 Rb3+ 42. Kc1 Ra8 43. g5 Rxb4 44. Bh5 Be8 45. g6 fxg6 46. Bxg6 Bxg6 47. Rxg6 Ra3 48. h4 Rh3 49. Rh6 Rh2 0-1

[Event "34.Schlosspark-Open"]
[Site "Wiesbaden-Biebrich"]
[Date "2025.08.30"]
[Round "4.52"]
[White "Khalilov, Asrat"]
[Black "Müller, Lutz"]
[Result "0-1"]
[WhiteElo "1680"]
[BlackElo "1911"]
[PlyCount "70"]
[EventDate "2025.08.28"]
[WhiteTeam "SK Bad Schwalbach"]
[BlackTeam "Sfr.Mainz 1928"]

1. d4 g6 2. e4 Bg7 3. Nc3 d6 4. Be3 Nc6 5. Qd2 h5 6. O-O-O a6 7. Kb1 b5 8. d5 Na5 9. Nf3 Bg4 10. Be2 Bxf3 11. gxf3 c5 12. dxc6 Nxc6 13. Nxb5 axb5 14. Bxb5 Rc8 15. Qd5 Qc7 16. Rd3 Kf8 17. Qxc6 Qxc6 18. Bxc6 Rxc6 19. Rb3 Rc8 20. Rd1 Nf6 21. Bg5 Nd7 22. Rb7 f6 23. Rxd7 fxg5 24. h3 Rb8 25. b3 Be5 26. a4 Kf7 27. Ka2 Ke6 28. Ra7 Rhf8 29. Rd3 Rf4 30. Ka3 Rh4 31. a5 Rxh3 32. a6 Rh1 33. c3 Ra1+ 34. Kb2 Ra5 35. b4 Rxb4+ 0-1

[Event "34.Schlosspark-Open"]
[Site "Wiesbaden-Biebrich"]
[Date "2025.08.30"]
[Round "4.53"]
[White "Bauer, Claus"]
[Black "Brauch, Manfred"]
[Result "1-0"]
[WhiteElo "2145"]
[BlackElo "1801"]
[PlyCount "79"]
[EventDate "2025.08.28"]
[WhiteTeam "Sfr.Mainz 1928"]
[BlackTeam "SG Pieroth/Burg Layen"]

1. d4 Nf6 2. Nf3 d6 3. Nc3 Nbd7 4. e4 e5 5. Bc4 Be7 6. a4 c6 7. O-O O-O 8. h3 h6 9. Ba2 Qc7 10. Qe2 Re8 11. Rd1 Nf8 12. Be3 Ng6 13. a5 Be6 14. Bxe6 fxe6 15. dxe5 dxe5 16. Qc4 Bf8 17. a6 b6 18. Nb5 Qf7 19. Qxc6 Rec8 20. Qb7 Qe8 21. Nc7 Rxc7 22. Qxc7 Nxe4 23. c3 Nc5 24. Bxc5 Bxc5 25. Qd7 b5 26. b4 Bb6 27. Qxe8+ Rxe8 28. Re1 Bc7 29. Rad1 e4 30. Rxe4 e5 31. Nd4 Rd8 32. Rde1 exd4 33. Re8+ Rxe8 34. Rxe8+ Kf7 35. Rc8 Bb6 36. cxd4 Bxd4 37. Rd8 Bb6 38. Rd6 Ne7 39. Rxb6 Nc8 40. Rc6 1-0

[Event "34.Schlosspark-Open"]
[Site "Wiesbaden-Biebrich"]
[Date "2025.08.30"]
[Round "4.54"]
[White "Türkboylari, Bahadir"]
[Black "Schmidt, Jörg"]
[Result "1-0"]
[WhiteElo "2032"]
[BlackElo "1800"]
[PlyCount "99"]
[EventDate "2025.08.28"]
[WhiteTeam "SK Neuburg"]
[BlackTeam "SK Niederbrechen 1948"]

1. Nf3 Nf6 2. g3 g6 3. Bg2 Bg7 4. O-O O-O 5. d4 c6 6. c4 d5 7. b3 Bf5 8. Bb2 Nbd7 9. Nc3 Re8 10. Nh4 e6 11. Nxf5 exf5 12. cxd5 cxd5 13. Nxd5 Ne4 14. Rc1 Rc8 15. Rxc8 Qxc8 16. Ba3 Nc3 17. Nxc3 Qxc3 18. e3 b5 19. Qb1 Qa5 20. Bb2 Rc8 21. a3 Nb6 22. Rc1 Qa6 23. Bf1 Qb7 24. Bxb5 Rb8 25. Qd3 Qe4 26. Qxe4 fxe4 27. a4 a6 28. Bxa6 Nxa4 29. bxa4 Rxb2 30. Rc8+ Bf8 31. Bc4 Rb7 32. a5 Kg7 33. a6 Ra7 34. Rb8 Bd6 35. Rb6 Bc7 36. Rc6 Bb8 37. Kg2 f5 38. Rc8 Bc7 39. Bd5 Kf6 40. Bb7 Bd6 41. Kf1 h5 42. h4 Ke7 43. Ke2 Kf7 44. Kd1 Ke7 45. Kc2 Ke6 46. Kb3 Ke7 47. Kc4 Ke6 48. Kb5 Kd7 49. Kb6 Ra8 50. Rxa8 1-0

[Event "34.Schlosspark-Open"]
[Site "Wiesbaden-Biebrich"]
[Date "2025.08.30"]
[Round "4.55"]
[White "Schild, Willi"]
[Black "Clauss, Hendrik"]
[Result "1-0"]
[WhiteElo "2022"]
[BlackElo "1796"]
[PlyCount "67"]
[EventDate "2025.08.28"]
[WhiteTeam "Schachgemeinschaft Siebengebirge"]
[BlackTeam "SC Bergen-Enkheim 1922"]

1. d4 e6 2. Nf3 Nf6 3. e3 c5 4. c3 Nc6 5. Bd3 d5 6. Nbd2 Bd6 7. O-O O-O 8. dxc5 Bxc5 9. e4 Qc7 10. Qe2 e5 11. exd5 Nxd5 12. Ne4 Be7 13. Bc2 f5 14. Bb3 Rd8 15. Rd1 fxe4 16. Rxd5 Rxd5 17. Bxd5+ Kh8 18. Qxe4 Bf6 19. Ng5 Bxg5 20. Bxg5 Bd7 21. Re1 Re8 22. Bb3 Rf8 23. Be3 Bf5 24. Qc4 Qb8 25. Qc5 a6 26. Rd1 Rd8 27. Rxd8+ Qxd8 28. Qd5 Qxd5 29. Bxd5 h6 30. f3 g5 31. h4 gxh4 32. Bxh6 Kh7 33. Bg5 h3 34. g4 1-0

[Event "34.Schlosspark-Open"]
[Site "Wiesbaden-Biebrich"]
[Date "2025.08.30"]
[Round "4.56"]
[White "Geyler, Stefan"]
[Black "Fucik, Timo"]
[Result "1/2-1/2"]
[WhiteElo "1797"]
[BlackElo "1936"]
[PlyCount "152"]
[EventDate "2025.08.28"]
[WhiteTeam "BSG 1827 Eckbauer e.V."]
[BlackTeam "SK 1926 Ettlingen"]

1. e4 c5 2. Nf3 d6 3. c3 Nf6 4. h3 Nc6 5. Bd3 g6 6. Bc2 Bg7 7. O-O O-O 8. d4 e5 9. dxe5 dxe5 10. Qxd8 Rxd8 11. Be3 b6 12. Na3 Bb7 13. Rfd1 Ne8 14. Nc4 f6 15. a4 Bf8 16. Bb3 Kh8 17. Rxd8 Rxd8 18. Rd1 Rxd1+ 19. Bxd1 Nd6 20. Ncd2 Na5 21. Bc2 Nac4 22. Nxc4 Nxc4 23. Bc1 Nd6 24. Nd2 Bh6 25. f3 Nc4 26. Nxc4 Bxc1 27. b3 Bc6 28. Kf2 Kg8 29. Ne3 Bb2 30. Nd1 Bc1 31. Ne3 Bd2 32. Nd1 Kf7 33. Ke2 Bh6 34. Bd3 Ke7 35. Bc4 Bf4 36. Ne3 Bxe3 37. Kxe3 Kd6 38. Bg8 h6 39. Bf7 g5 40. Bc4 h5 41. g4 h4 42. Ba6 Kc7 43. Kd3 Bd7 44. Bc4 Kb7 45. Bb5 Bc8 46. Be8 Ka6 47. c4 Kb7 48. Kc3 Kc7 49. Kd3 Bd7 50. Bf7 Kb7 51. Bd5+ Ka6 52. Kc3 Ka5 53. Bf7 a6 54. Bd5 b5 55. cxb5 axb5 56. axb5 Bxb5 57. Bc4 Kb6 58. Kd3 Bd7 59. Kc3 Ka5 60. Bd5 Bb5 61. Bc4 Ka6 62. Kd3 Kb6 63. Kc3 Ka5 64. Bd3 Bxd3 65. Kxd3 Kb4 66. Kc2 c4 67. bxc4 Kxc4 68. Kd2 Kd4 69. Kc2 Kc4 70. Kd2 Kd4 71. Ke2 Kc3 72. Ke3 Kc2 73. Ke2 Kc1 74. Ke1 Kc2 75. Ke2 Kc3 76. Ke3 Kc4 1/2-1/2

[Event "34.Schlosspark-Open"]
[Site "Wiesbaden-Biebrich"]
[Date "2025.08.30"]
[Round "4.57"]
[White "Rödiger, Thomas"]
[Black "Börsch, Dieter"]
[Result "1/2-1/2"]
[WhiteElo "1977"]
[BlackElo "1779"]
[PlyCount "62"]
[EventDate "2025.08.28"]
[WhiteTeam "SC Bad Soden"]
[BlackTeam "SK Bad Homburg 1927"]

1. d4 Nf6 2. Nf3 e6 3. Bf4 c5 4. e3 Nc6 5. c3 cxd4 6. exd4 d5 7. Bd3 Bd6 8. Bxd6 Qxd6 9. O-O O-O 10. Re1 Bd7 11. Nbd2 Rfc8 12. Ne5 Be8 13. f4 Ne7 14. g4 g6 15. Qf3 Rc7 16. Nf1 Kg7 17. Ne3 Neg8 18. h4 Qf8 19. Kf2 Ne7 20. Rh1 Kg8 21. Rag1 Rd8 22. h5 Rd6 23. g5 Nd7 24. N5g4 Nf5 25. hxg6 fxg6 26. Nxf5 exf5 27. Ne5 Qg7 28. Rh6 Nxe5 29. dxe5 Rdd7 30. Qe3 a6 31. Be2 Qf8 1/2-1/2

[Event "34.Schlosspark-Open"]
[Site "Wiesbaden-Biebrich"]
[Date "2025.08.30"]
[Round "4.58"]
[White "Rotermund, Verena"]
[Black "Stehning, Toni"]
[Result "0-1"]
[WhiteElo "1770"]
[BlackElo "1891"]
[PlyCount "70"]
[EventDate "2025.08.28"]
[WhiteTeam "Vorw.Orient Mainz"]
[BlackTeam "SF Braunfels"]

1. c4 e6 2. e4 d5 3. exd5 exd5 4. d4 Nf6 5. Nc3 c6 6. cxd5 Nxd5 7. Nf3 Bb4 8. Bd2 O-O 9. Be2 Be6 10. O-O Nd7 11. a3 Bxc3 12. bxc3 N5b6 13. Rb1 Qc7 14. Re1 Rfe8 15. Qc1 Bc4 16. Bf4 Qc8 17. Qb2 Na4 18. Qb4 Bxe2 19. Qxa4 Nb6 20. Qc2 Bxf3 21. Rxe8+ Qxe8 22. gxf3 Qe7 23. Kh1 Re8 24. Qf5 Qe2 25. Be3 Nd5 26. Bg5 Qxf2 27. Rg1 g6 28. Qh3 Re1 29. Rxe1 Qxe1+ 30. Kg2 Qe2+ 31. Kg3 f5 32. Bh6 f4+ 33. Kg4 Qe6+ 34. Kh4 Qe7+ 35. Bg5 Qe1+ 0-1

[Event "34.Schlosspark-Open"]
[Site "Wiesbaden-Biebrich"]
[Date "2025.08.30"]
[Round "4.59"]
[White "Moldenhauer, Lennart"]
[Black "Behr, Julian"]
[Result "0-1"]
[WhiteElo "1767"]
[BlackElo "1898"]
[PlyCount "94"]
[EventDate "2025.08.28"]
[WhiteTeam "SV Oberursel"]
[BlackTeam "Sfr.Mainz 1928"]

1. e4 e5 2. Nf3 Nc6 3. Bc4 Bc5 4. c3 Nf6 5. d4 exd4 6. cxd4 Bb4+ 7. Kf1 d5 8. exd5 Nxd5 9. Nc3 Bxc3 10. bxc3 O-O 11. Ng5 h6 12. h4 Na5 13. Bd3 Nf6 14. Ba3 Re8 15. Qf3 Bg4 16. Qf4 Qd7 17. Ne4 Nxe4 18. Bxe4 Nc4 19. Bc1 Re7 20. f3 Rae8 21. Kf2 Bh5 22. Bd3 Qc6 23. Be4 Rxe4 24. fxe4 Rxe4 25. Qg3 Qf6+ 26. Kg1 Be2 27. Bg5 hxg5 28. hxg5 Qf5 29. Qxc7 f6 30. Qd8+ Kf7 31. Qc7+ Re7 32. Qg3 Nd2 33. g6+ Qxg6 34. Qxg6+ Kxg6 35. Re1 Re4 36. Kf2 Bc4 37. a4 f5 38. Rh8 Rxe1 39. Kxe1 Ne4 40. Rc8 Nd6 41. Rd8 Ne4 42. Rc8 Bd5 43. a5 Kf6 44. c4 Nd6 45. Ra8 Nxc4 46. g3 a6 47. Rd8 Bf7 0-1

[Event "34.Schlosspark-Open"]
[Site "Wiesbaden-Biebrich"]
[Date "2025.08.30"]
[Round "4.60"]
[White "Vilain, Philip"]
[Black "Berberich, Christoph"]
[Result "1-0"]
[WhiteElo "1767"]
[BlackElo "1876"]
[PlyCount "97"]
[EventDate "2025.08.28"]
[WhiteTeam "SC Heitersheim"]
[BlackTeam "SK Freiburg-Zähringen 1887 e.V."]

1. e4 c5 2. Nf3 Nc6 3. d4 cxd4 4. Nxd4 Nf6 5. Nc3 e5 6. Nf3 Bb4 7. Bc4 O-O 8. Qd3 d6 9. O-O Be6 10. Nd5 Bxd5 11. Bxd5 Qc7 12. Be3 Nxd5 13. Qxd5 Ne7 14. Qb3 Bc5 15. Bxc5 dxc5 16. Rad1 b6 17. c3 Rad8 18. Nd2 Qc6 19. f3 b5 20. Rfe1 Rd7 21. Nf1 c4 22. Qc2 Rfd8 23. Rxd7 Qxd7 24. Re2 Ng6 25. g3 h5 26. Kg2 h4 27. Rd2 Qc7 28. Ne3 Rxd2+ 29. Qxd2 Qc5 30. Nf5 hxg3 31. hxg3 Qb6 32. Qd7 Qa5 33. Nd6 Nh8 34. a3 Qa4 35. Qxb5 Qc2+ 36. Kh3 Qd1 37. Qe8+ Kh7 38. Nxf7 Ng6 39. Nxe5 Nxe5 40. Qxe5 g6 41. Kg4 Qd7+ 42. Kg5 Qd2+ 43. f4 Qh2 44. Qe7+ Kh8 45. Kf6 Qh6 46. Qe8+ Kh7 47. Qf7+ Kh8 48. Qxg6 Qf8+ 49. Kg5 1-0

[Event "34.Schlosspark-Open"]
[Site "Wiesbaden-Biebrich"]
[Date "2025.08.30"]
[Round "4.61"]
[White "Hipler, Andreas"]
[Black "Morgen, Andreas"]
[Result "1-0"]
[WhiteElo "1873"]
[BlackElo "1766"]
[PlyCount "71"]
[EventDate "2025.08.28"]
[WhiteTeam "SK Gau-Algesheim"]
[BlackTeam "SK Marburg 1931/72"]

1. d4 Nf6 2. Nf3 c5 3. d5 b5 4. c3 b4 5. c4 g6 6. b3 Bg7 7. Bb2 O-O 8. Nbd2 d6 9. e4 Bg4 10. Bd3 Nbd7 11. h3 Bxf3 12. Nxf3 Re8 13. O-O e6 14. Bc2 exd5 15. exd5 a5 16. Re1 Nb6 17. a3 Ra7 18. axb4 cxb4 19. Qd2 Nbd7 20. Nd4 Ne5 21. f4 Nxc4 22. bxc4 Rxe1+ 23. Rxe1 Qb6 24. Kh2 Ra8 25. Ba4 Qc7 26. Nc6 Nd7 27. Bxg7 Kxg7 28. Re7 Qc8 29. Qd4+ Kg8 30. Nd8 Qc5 31. Re8+ Nf8 32. Qf6 Ra7 33. Nc6 Rb7 34. Ne7+ Rxe7 35. Qxe7 b3 36. Qxf8# 1-0

[Event "34.Schlosspark-Open"]
[Site "Wiesbaden-Biebrich"]
[Date "2025.08.30"]
[Round "4.62"]
[White "Münstermann, Matthias"]
[Black "Rapp, Matthias"]
[Result "0-1"]
[WhiteElo "1760"]
[BlackElo "1869"]
[PlyCount "42"]
[EventDate "2025.08.28"]
[WhiteTeam "SK Langen"]
[BlackTeam "Sfr.Mainz 1928"]

1. d4 d5 2. c4 c6 3. Nf3 Nf6 4. Nc3 g6 5. e3 Bg7 6. Bd3 O-O 7. O-O Bg4 8. h3 Bc8 9. Qe2 Nbd7 10. cxd5 cxd5 11. Bd2 a6 12. a4 Re8 13. a5 e5 14. dxe5 Nxe5 15. Nd4 Nxd3 16. Qxd3 Ne4 17. Na4 Qg5 18. Nf3 Qh5 19. h4 Bg4 20. Ng5 Qxh4 21. Nxe4 dxe4 0-1

[Event "34.Schlosspark-Open"]
[Site "Wiesbaden-Biebrich"]
[Date "2025.08.30"]
[Round "4.63"]
[White "Sikorra, Philipp"]
[Black "Liu, Jonas"]
[Result "1-0"]
[WhiteElo "1863"]
[BlackElo "1755"]
[PlyCount "157"]
[EventDate "2025.08.28"]
[WhiteTeam "SF Schönwald"]
[BlackTeam "SV Oberursel"]

1. e4 c5 2. d4 cxd4 3. c3 Nf6 4. e5 Nd5 5. Bc4 Nb6 6. Bb3 e6 7. cxd4 d6 8. Nf3 Be7 9. O-O O-O 10. Nc3 Nc6 11. Be3 Na5 12. Bc2 Nac4 13. Bc1 dxe5 14. Nxe5 Nxe5 15. dxe5 Nc4 16. Qe2 Qc7 17. f4 Bc5+ 18. Kh1 Bd4 19. Qe4 f5 20. Qxd4 Bd7 21. Bb3 Na5 22. Ba4 Nc6 23. Qf2 a6 24. Bxc6 Bxc6 25. Be3 Qf7 26. Bb6 Qg6 27. Rad1 h5 28. Ne2 h4 29. Ng1 Qg4 30. Rd4 h3 31. Nf3 Be4 32. Qg3 hxg2+ 33. Kxg2 Qh5 34. h4 Rac8 35. Rd7 Qg4 36. Rd2 Rc6 37. Be3 Kf7 38. Kh2 Rh8 39. Qxg4 fxg4 40. Ng5+ Kg6 41. Nxe4 Rxh4+ 42. Kg2 Rc8 43. Rh1 Rxh1 44. Kxh1 Rc1+ 45. Kg2 Re1 46. Kf2 Rh1 47. Ng3 Rh8 48. Kg2 Rc8 49. Bd4 Rf8 50. Ne2 Kf5 51. Ng3+ Kg6 52. Rf2 Rd8 53. Bc3 Rf8 54. f5+ exf5 55. Nxf5 Rxf5 56. a4 b5 57. axb5 axb5 58. Rxf5 Kxf5 59. Kg3 g6 60. b3 b4 61. Bxb4 Kxe5 62. Kxg4 Ke4 63. Bf8 Kd3 64. Kg5 Kc3 65. b4 Kc4 66. Kxg6 Kb5 67. Kf7 Ka4 68. Ke8 Kb5 69. Kd8 Kc6 70. Kc8 Kb6 71. Kb8 Kc6 72. Ka7 Kb5 73. Kb7 Ka4 74. Kb6 Kb3 75. Kc6 Ka3 76. b5+ Ka4 77. b6 Kb3 78. b7 Ka4 79. Bb4 1-0

[Event "34.Schlosspark-Open"]
[Site "Wiesbaden-Biebrich"]
[Date "2025.08.30"]
[Round "4.64"]
[White "John, Volkmar"]
[Black "Faßler, Felix"]
[Result "1/2-1/2"]
[WhiteElo "1756"]
[BlackElo "1822"]
[PlyCount "94"]
[EventDate "2025.08.28"]
[WhiteTeam "SK Herborn 1946"]
[BlackTeam "SC Fulda"]

1. c4 e5 2. g3 Nc6 3. Bg2 f5 4. Nc3 Nf6 5. e3 d5 6. cxd5 Nb4 7. d4 e4 8. Bf1 Nbxd5 9. a3 Be6 10. Nge2 c6 11. Bd2 Bd6 12. Bg2 O-O 13. Nf4 Nxf4 14. gxf4 Bc4 15. Bf1 Be6 16. Be2 Kh8 17. Qc2 Qe7 18. Na4 Nd7 19. Rc1 Qf7 20. Nc5 Nxc5 21. dxc5 Be7 22. Bc4 Rad8 23. Bxe6 Qxe6 24. Rg1 Rd3 25. Bc3 Bf6 26. Bxf6 Qxf6 27. Rd1 Rfd8 28. Rxd3 exd3 29. Qc3 d2+ 30. Kd1 Qf7 31. Kc2 Qe7 32. Qe5 Qd7 33. Qd6 Qe8 34. Qe5 Qf8 35. b4 Qf7 36. Rd1 Qa2+ 37. Qb2 Qc4+ 38. Qc3 Qe4+ 39. Kb2 Qd5 40. Kc2 Qe4+ 41. Kb2 Rd6 42. Rxd2 Rxd2+ 43. Qxd2 h6 44. Qd8+ Kh7 45. Qd7 h5 46. Qf7 Kh6 47. Qxb7 Qf3 1/2-1/2

[Event "34.Schlosspark-Open"]
[Site "Wiesbaden-Biebrich"]
[Date "2025.08.30"]
[Round "4.65"]
[White "Gieringer, Clemens"]
[Black "Urban, Michael"]
[Result "1-0"]
[WhiteElo "1932"]
[BlackElo "1827"]
[PlyCount "49"]
[EventDate "2025.08.28"]
[WhiteTeam "Sfr.Mainz 1928"]
[BlackTeam "Bergische SF Bergisch"]

1. Nf3 d5 2. e3 Bf5 3. c4 e6 4. Qb3 Nc6 5. a3 a6 6. cxd5 exd5 7. Nc3 Be6 8. d4 Nf6 9. Bd3 Bd6 10. Qc2 Qe7 11. b4 Bg4 12. Ne2 O-O 13. Nd2 Rfe8 14. Nb3 Rab8 15. f3 Bd7 16. O-O g6 17. Ng3 Nd8 18. Qf2 Bb5 19. Bxb5 axb5 20. Re1 c6 21. Ra2 Qc7 22. Rae2 Nh5 23. Nxh5 Bxh2+ 24. Kf1 gxh5 25. f4 1-0

[Event "34.Schlosspark-Open"]
[Site "Wiesbaden-Biebrich"]
[Date "2025.08.30"]
[Round "4.66"]
[White "Diehl, Stefan"]
[Black "Schneider, Felix"]
[Result "1/2-1/2"]
[WhiteElo "1856"]
[BlackElo "1749"]
[PlyCount "49"]
[EventDate "2025.08.28"]
[WhiteTeam "SC 1910 Höchst"]
[BlackTeam "SK Bad Homburg 1927"]

1. f4 Nf6 2. Nf3 c5 3. e3 g6 4. d4 cxd4 5. exd4 Bg7 6. Bd3 O-O 7. O-O b6 8. c3 Bb7 9. Nbd2 d6 10. Qe2 Nbd7 11. f5 Qc7 12. fxg6 hxg6 13. Ng5 e5 14. Ndf3 Rae8 15. dxe5 dxe5 16. Bc2 Nd5 17. Bb3 N7f6 18. Bd2 Nf4 19. Bxf4 exf4 20. Qf2 Bd5 21. Bxd5 Nxd5 22. Qh4 Nf6 23. Nd4 Nh5 24. Ngf3 Qc5 25. Rae1 1/2-1/2

[Event "34.Schlosspark-Open"]
[Site "Wiesbaden-Biebrich"]
[Date "2025.08.30"]
[Round "4.67"]
[White "Döhne, Vincent"]
[Black "Cichon, Jörg"]
[Result "1-0"]
[WhiteElo "1839"]
[BlackElo "1744"]
[PlyCount "59"]
[EventDate "2025.08.28"]
[WhiteTeam "SC 1979 Hattersheim"]
[BlackTeam "Sfr.Mainz 1928"]

1. e4 e6 2. d4 d5 3. Nc3 Nc6 4. Nf3 Nf6 5. Bg5 Be7 6. e5 Ne4 7. Bxe7 Nxc3 8. Bxd8 Nxd1 9. Bxc7 Nxb2 10. Rb1 Nc4 11. Bxc4 dxc4 12. c3 b6 13. Nd2 Ba6 14. Bd6 Rc8 15. Ne4 Ne7 16. Ba3 Rc7 17. Nd6+ Kf8 18. Rb4 b5 19. Nxb5 Bxb5 20. Rxb5 Ke8 21. Kd2 Nc8 22. Rhb1 Kd7 23. Bc5 Kc6 24. a4 Rd8 25. R1b4 a6 26. Ra5 Rb7 27. Rxa6+ Kc7 28. Bd6+ Nxd6 29. exd6+ Kb8 30. Rxc4 1-0

[Event "34.Schlosspark-Open"]
[Site "Wiesbaden-Biebrich"]
[Date "2025.08.30"]
[Round "4.68"]
[White "Joshi, Kanad"]
[Black "Froitzheim, Ralf"]
[Result "1-0"]
[WhiteElo "1749"]
[BlackElo "1851"]
[PlyCount "103"]
[EventDate "2025.08.28"]
[WhiteTeam "SV Oberursel"]
[BlackTeam "Schachgemeinschaft Niederkassel"]

1. e4 c6 2. d3 d5 3. Nd2 dxe4 4. dxe4 e5 5. Ngf3 Bg4 6. Bc4 Nd7 7. h3 Bxf3 8. Qxf3 Qf6 9. O-O Qxf3 10. Nxf3 Ngf6 11. Ng5 h6 12. Nxf7 Rh7 13. f4 Bc5+ 14. Kh2 exf4 15. Bxf4 g5 16. Bg3 Ke7 17. Ne5 Nxe5 18. Bxe5 Rf8 19. Bd3 Rhf7 20. Bc4 Rh7 21. Rae1 b5 22. Bb3 Nd7 23. Rxf8 Kxf8 24. Rf1+ Ke7 25. Bg8 Nxe5 26. Bxh7 Bd6 27. g3 g4 28. hxg4 Nxg4+ 29. Kh3 Nf6 30. Bf5 Be5 31. c3 c5 32. a4 b4 33. cxb4 cxb4 34. Rc1 Kd6 35. Rc4 a5 36. b3 Bc3 37. Rc8 Bd4 38. Rd8+ Kc5 39. Ra8 Kb6 40. Rc8 Be5 41. g4 Bc3 42. Kg3 Be5+ 43. Kh4 Bd4 44. Kg3 Be5+ 45. Kf3 Bc3 46. Kf4 Bd2+ 47. Ke5 Bg5 48. Ke6 h5 49. e5 Nxg4 50. Bxg4 hxg4 51. Kf5 Kb7 52. Rc4 1-0

[Event "34.Schlosspark-Open"]
[Site "Wiesbaden-Biebrich"]
[Date "2025.08.30"]
[Round "4.69"]
[White "Richter, Johanna"]
[Black "Porstendörfer, Yannik"]
[Result "1-0"]
[WhiteElo "1851"]
[BlackElo "1742"]
[PlyCount "59"]
[EventDate "2025.08.28"]
[WhiteTeam "Sfr.Heidesheim"]
[BlackTeam "SK 1982 Klingenberg e.V."]

1. d4 Nf6 2. c4 e5 3. dxe5 Ng4 4. Nf3 Nc6 5. Bf4 Bb4+ 6. Nbd2 Qe7 7. e3 Ngxe5 8. Nxe5 Nxe5 9. Be2 O-O 10. O-O d6 11. a3 Ba5 12. b4 Bb6 13. Qc2 Bg4 14. Nb3 Bxe2 15. Qxe2 a5 16. Qc2 a4 17. Nd2 f5 18. Bxe5 Qxe5 19. Nf3 Qe7 20. Rad1 Bxe3 21. Rfe1 f4 22. fxe3 fxe3 23. Qd3 Rae8 24. Re2 g5 25. h3 h5 26. Qg6+ Qg7 27. Qxg5 Qxg5 28. Nxg5 Rf2 29. Rxf2 exf2+ 30. Kxf2 1-0